[Event "Titled Tuesday intern op 18th Mar Late"]
[Site "Chess.com INT"]
[Date "2025.03.18"]
[Round "4"]
[White "Xia, Joshua"]
[Black "Harish, Neeraj"]
[Result "1-0"]
[WhiteElo "1960"]
[BlackElo "2169"]
[PlyCount "41"]
[EventDate "2025.03.18"]
[EventType "swiss (blitz)"]
[EventRounds "11"]
[EventCountry "USA"]
[SourceTitle "CB13_2025"]
[SourceDate "2025.03.26"]
[SourceVersion "1"]
[SourceVersionDate "2025.03.26"]
[SourceQuality "1"]

1. e4 c6 2. d4 d5 3. e5 Bf5 4. h4 h5 5. Bg5 Qb6 6. Bd3 Bxd3 7. Qxd3 e6 8. Nd2 c5 9. c4 Qxb2 10. Rd1 Nc6 11. Ngf3 Nb4 12. Qe2 Nc2+ 13. Kf1 Nxd4 14. Nxd4 Qxd4 15. cxd5 Qxd5 16. Nc4 Qc6 17. Rh3 Nh6 18. Rhd3 Qc7 19. Nd6+ Bxd6 20. Rxd6 Nf5 21. Qb5+ 1-0

[Event "Titled Tuesday intern op 18th Mar Late"]
[Site "Chess.com INT"]
[Date "2025.03.18"]
[Round "6"]
[White "Xia, Joshua"]
[Black "Osmonbekov, Talaibek D"]
[Result "1-0"]
[WhiteElo "1960"]
[BlackElo "2129"]
[PlyCount "75"]
[EventDate "2025.03.18"]
[EventType "swiss (blitz)"]
[EventRounds "11"]
[EventCountry "USA"]
[SourceTitle "CB13_2025"]
[SourceDate "2025.03.26"]
[SourceVersion "1"]
[SourceVersionDate "2025.03.26"]
[SourceQuality "1"]

1. e4 c5 2. Nf3 d6 3. d4 cxd4 4. Nxd4 Nf6 5. Nc3 g6 6. Be3 Bg7 7. f3 0-0 8. Qd2 Nc6 9. 0-0-0 Bd7 10. h4 h5 11. Kb1 Rc8 12. Be2 Ne5 13. g4 Nc4 14. Bxc4 Rxc4 15. gxh5 Nxh5 16. Nd5 e6 17. Nc3 Qa5 18. a3 Rfc8 19. Nde2 Ng3 20. Nxg3 Rxc3 21. Bd4 Bxd4 22. Qxd4 Rxc2 23. h5 Qb5 24. hxg6 e5 25. gxf7+ Kxf7 26. Qd5+ Qxd5 27. Rxd5 Rg2 28. Rxd6 Ba4 29. Nf5 Bb3 30. Rdh6 Rcc2 31. Rh7+ Kf8 32. Rh8+ Bg8 33. Ne3 Rxb2+ 34. Kc1 Rge2 35. Rg1 Ra2 36. Rhxg8+ Kf7 37. R8g7+ Ke6 38. R1g6# 1-0

[Event "Titled Tuesday intern op 21st Jan Late"]
[Site "Chess.com INT"]
[Date "2025.01.21"]
[Round "6"]
[White "Bacojo, Mark Jay"]
[Black "Xia, Joshua"]
[Result "0-1"]
[WhiteElo "2376"]
[BlackElo "1975"]
[PlyCount "76"]
[EventDate "2025.01.21"]
[EventType "swiss (blitz)"]
[EventRounds "11"]
[EventCountry "USA"]
[SourceTitle "CB05_2025"]
[SourceDate "2025.01.29"]
[SourceVersion "1"]
[SourceVersionDate "2025.01.29"]
[SourceQuality "1"]

1. d4 Nf6 2. c4 g6 3. Nc3 d5 4. cxd5 Nxd5 5. Qb3 Nxc3 6. Qxc3 Bg7 7. Nf3 0-0 8. e4 Nc6 9. Be3 Bg4 10. 0-0-0 a5 11. Kb1 Nb4 12. a3 Na6 13. h3 Be6 14. Bc4 Bxc4 15. Qxc4 Qd7 16. h4 b5 17. Qc2 b4 18. a4 b3 19. Qc4 Nb4 20. Qxb3 Qg4 21. Nd2 Rab8 22. h5 Qe2 23. Qc4 Nd3 24. b3 Rb4 25. Qc3 c5 26. Nf3 c4 27. Rxd3 Rxb3+ 28. Qxb3 cxb3 29. Rxb3 Qc4 30. Kb2 Qxa4 31. Ra1 Qc4 32. Rxa5 Rc8 33. h6 Qc2+ 34. Ka3 Bf8 35. e5 e6+ 36. Rc5 Bxc5+ 37. dxc5 Ra8+ 38. Kb4 Rb8+ 0-1

[Event "Titled Tuesday intern op 21st Jan Late"]
[Site "Chess.com INT"]
[Date "2025.01.21"]
[Round "7"]
[White "Wu, Derek"]
[Black "Xia, Joshua"]
[Result "1-0"]
[WhiteElo "2232"]
[BlackElo "1975"]
[PlyCount "115"]
[EventDate "2025.01.21"]
[EventType "swiss (blitz)"]
[EventRounds "11"]
[EventCountry "USA"]
[SourceTitle "CB05_2025"]
[SourceDate "2025.01.29"]
[SourceVersion "1"]
[SourceVersionDate "2025.01.29"]
[SourceQuality "1"]

1. e4 c5 2. Nf3 d6 3. d4 cxd4 4. Nxd4 Nf6 5. Nc3 a6 6. Be3 e5 7. Nf3 Be7 8. Bc4 0-0 9. 0-0 Nbd7 10. a4 b6 11. h3 Bb7 12. Qd3 Qc7 13. Rfd1 Rfc8 14. Bb3 Nc5 15. Bxc5 dxc5 16. Bc4 Rd8 17. Qe2 h6 18. Rxd8+ Rxd8 19. Bxa6 Bxa6 20. Qxa6 Qc6 21. Qc4 Qa8 22. Nxe5 Rf8 23. Rd1 Qb8 24. Nc6 Qc7 25. Nd5 Nxd5 26. Qxd5 Bf6 27. e5 Bg5 28. Qd6 Rc8 29. Qxc7 Rxc7 30. Rd6 Bc1 31. b3 c4 32. b4 Ba3 33. Rd8+ Kh7 34. b5 Bc5 35. Kf1 Kg6 36. Ke2 Kf5 37. Kf3 Ke6 38. Rd1 f6 39. exf6 Kxf6 40. Rd5 Ke6 41. Rd8 Kf6 42. g4 Rf7 43. Kg3 Ke6 44. Rd2 Bd6+ 45. Kg2 Bc5 46. Nd8+ Ke7 47. Nxf7 Kxf7 48. Rd5 Ke6 49. Rxc5 bxc5 50. a5 Kd6 51. a6 Kc7 52. Kf3 Kb6 53. Ke4 Ka7 54. Kd5 Kb6 55. Kxc4 g6 56. f4 h5 57. gxh5 gxh5 58. f5 1-0

[Event "Titled Tuesday intern op 21st Jan Late"]
[Site "Chess.com INT"]
[Date "2025.01.21"]
[Round "9"]
[White "Xia, Joshua"]
[Black "De Boer, Eelke"]
[Result "0-1"]
[WhiteElo "1975"]
[BlackElo "2428"]
[PlyCount "62"]
[EventDate "2025.01.21"]
[EventType "swiss (blitz)"]
[EventRounds "11"]
[EventCountry "USA"]
[SourceTitle "CB05_2025"]
[SourceDate "2025.01.29"]
[SourceVersion "1"]
[SourceVersionDate "2025.01.29"]
[SourceQuality "1"]

1. e4 c5 2. Nf3 d6 3. d4 cxd4 4. Nxd4 Nf6 5. Nc3 a6 6. Be3 e6 7. a3 Be7 8. g4 d5 9. e5 Nfd7 10. f4 Bh4+ 11. Bf2 Bxf2+ 12. Kxf2 Qh4+ 13. Ke3 Nc6 14. Be2 g5 15. Nf3 gxf4+ 16. Kxf4 Qh6+ 17. g5 Qg7 18. Re1 Ndxe5 19. Nxd5 Ng6+ 20. Kg3 exd5 21. Bxa6+ Nge7 22. Bd3 h6 23. h4 hxg5 24. Nxg5 f6 25. Qd2 fxg5 26. hxg5 Rh5 27. g6 Bf5 28. Bxf5 Rxf5 29. Re6 Rf6 30. Rae1 Qxg6+ 31. Kh2 Rxe6 0-1

[Event "Wch U10"]
[Site "Montesilvano"]
[Date "2024.11.26"]
[Round "11"]
[White "Qian, Qipeng"]
[Black "Xia, Joshua"]
[Result "0-1"]
[WhiteElo "1641"]
[BlackElo "2052"]
[PlyCount "128"]
[EventDate "2024.11.15"]
[EventType "swiss"]
[EventRounds "11"]
[EventCountry "ITA"]
[SourceTitle "CB48_2024"]
[SourceDate "2024.11.28"]
[SourceVersion "1"]
[SourceVersionDate "2024.11.28"]
[SourceQuality "1"]

1. d4 Nf6 2. c4 g6 3. Nc3 d5 4. Nf3 Bg7 5. h4 c5 6. dxc5 Be6 7. Nd4 Nc6 8. Nxc6 bxc6 9. cxd5 Nxd5 10. Nxd5 Bxd5 11. Qc2 Rb8 12. e4 Be6 13. Bd3 0-0 14. 0-0 Bd4 15. Kh1 Qc7 16. Be2 Rfd8 17. f4 a5 18. g4 Kh8 19. Rd1 Rb4 20. Qd2 f5 21. b3 fxe4 22. Bb2 e3 23. Bxd4+ Rdxd4 24. Qxe3 Bd5+ 25. Bf3 Bxf3+ 26. Qxf3 Rxf4 27. Qc3+ e5 28. Re1 Rbd4 29. Qe3 Rxg4 30. Qxe5+ Qxe5 31. Rxe5 Rxh4+ 32. Kg2 Rhe4 33. Rxe4 Rxe4 34. a3 Re2+ 35. Kf3 Rb2 36. b4 Kg7 37. Re1 axb4 38. axb4 Kf6 39. Re8 Rb3+ 40. Kg2 Rxb4 41. Rc8 Rc4 42. Rxc6+ Kg5 43. Rc7 h5 44. c6 h4 45. Rc8 Kg4 46. c7 h3+ 47. Kf2 Rc2+ 48. Ke3 h2 49. Rh8 Kg3 50. Rh7 Rxc7 51. Rxc7 h1Q 52. Rg7 Qe1+ 53. Kd3 Qe6 54. Rh7 g5 55. Rg7 g4 56. Kc2 Qc4+ 57. Kd2 Qd4+ 58. Kc2 Qxg7 59. Kd3 Kf3 60. Kc4 g3 61. Kd5 g2 62. Kc5 g1Q+ 63. Kd5 Q1d4+ 64. Kc6 Qgd7# 0-1

[Event "Wch U10"]
[Site "Montesilvano"]
[Date "2024.11.23"]
[Round "8"]
[White "Xia, Joshua"]
[Black "Bolashakov, Nurali"]
[Result "1-0"]
[WhiteElo "2052"]
[BlackElo "2005"]
[PlyCount "109"]
[EventDate "2024.11.15"]
[EventType "swiss"]
[EventRounds "11"]
[EventCountry "ITA"]
[SourceTitle "CB48_2024"]
[SourceDate "2024.11.28"]
[SourceVersion "1"]
[SourceVersionDate "2024.11.28"]
[SourceQuality "1"]

1. e4 c5 2. Nf3 d6 3. d4 cxd4 4. Nxd4 Nf6 5. Nc3 a6 6. g3 e5 7. Nde2 Be7 8. Be3 0-0 9. Bg2 Be6 10. h3 Nbd7 11. g4 Rc8 12. g5 Nh5 13. Bf3 Bxg5 14. Bxg5 Qxg5 15. Rg1 Qh6 16. Qxd6 Nf4 17. Nxf4 Qxf4 18. Bg4 Rxc3 19. bxc3 Qxe4+ 20. Be2 Qxc2 21. Rg3 g6 22. Qb4 Rc8 23. Bd1 Qf5 24. Qxb7 Rc4 25. Bg4 Qf6 26. Rf3 Rf4 27. Rxf4 exf4 28. Qc8+ Kg7 29. 0-0-0 Nf8 30. Bxe6 Nxe6 31. Kb2 Qe5 32. Qxa6 Qc5 33. Rd2 Qh5 34. a4 Qf3 35. Qb5 Qe4 36. a5 Nc7 37. Qb6 Ne6 38. a6 Qa4 39. a7 Kh6 40. Qb8 Nc7 41. Qxc7 Qb5+ 42. Kc1 Qa4 43. Rd4 Qa3+ 44. Kc2 Qa2+ 45. Kd3 Qb1+ 46. Kc4 Qa2+ 47. Kb5 Qb2+ 48. Rb4 Qe2+ 49. c4 Qa2 50. Qa5 Qxa5+ 51. Kxa5 f3 52. a8Q g5 53. Qc6+ Kh5 54. Qxf3+ Kh4 55. Qg4# 1-0

[Event "Wch U10"]
[Site "Montesilvano"]
[Date "2024.11.17"]
[Round "3"]
[White "Mulay, Vivan Prakash"]
[Black "Xia, Joshua"]
[Result "1-0"]
[WhiteElo "1823"]
[BlackElo "2052"]
[PlyCount "87"]
[EventDate "2024.11.15"]
[EventType "swiss"]
[EventRounds "11"]
[EventCountry "ITA"]
[SourceTitle "CB48_2024"]
[SourceDate "2024.11.28"]
[SourceVersion "1"]
[SourceVersionDate "2024.11.28"]
[SourceQuality "1"]

1. e4 c5 2. Nf3 d6 3. d4 cxd4 4. Nxd4 Nf6 5. f3 e5 6. Nb3 d5 7. Bg5 d4 8. c3 Nc6 9. Bb5 h6 10. Bh4 Qb6 11. Bxc6+ bxc6 12. cxd4 a5 13. dxe5 Bb4+ 14. Nc3 Bxc3+ 15. bxc3 Qe3+ 16. Qe2 Qxc3+ 17. Qd2 Qxe5 18. Bg3 Qb5 19. Bd6 Ba6 20. Nd4 Qg5 21. f4 Qg6 22. Nf5 Bb5 23. Qd4 Nd7 24. Nxg7+ Kd8 25. Ne6+ Kc8 26. Qxh8+ Kb7 27. Qd4 Qxg2 28. 0-0-0 fxe6 29. a4 c5 30. Qd2 Qxd2+ 31. Rxd2 Bxa4 32. Rg1 Bb3 33. Rg7 Kc6 34. f5 exf5 35. exf5 c4 36. Kb2 Rc8 37. Ba3 Ne5 38. Kc3 Re8 39. Re2 Bd1 40. Re1 Ba4 41. f6 Rd8 42. Rxe5 Rd3+ 43. Kxc4 Rxa3 44. Re6# 1-0

[Event "GEO World Cup-B U10"]
[Site "Batumi"]
[Date "2024.06.26"]
[Round "4"]
[White "Xia, Joshua"]
[Black "Zabelin, Platon"]
[Result "1/2-1/2"]
[WhiteElo "2060"]
[BlackElo "1799"]
[PlyCount "65"]
[EventDate "2024.06.23"]
[EventType "swiss"]
[EventRounds "7"]
[EventCountry "GEO"]
[SourceTitle "EXT 2025"]
[Source "ChessBase"]
[SourceDate "2024.10.14"]
[SourceVersion "1"]
[SourceVersionDate "2024.10.14"]
[SourceQuality "1"]

1. e4 c6 2. d4 d5 3. e5 Bf5 4. h4 h5 5. Bd3 Bxd3 6. Qxd3 Qa5+ 7. Nd2 e6 8. Ne2 Nh6 9. 0-0 Qa6 10. c4 Be7 11. g3 Nd7 12. Nf4 Nf5 13. b3 Nb6 14. Qc3 g5 15. hxg5 Bxg5 16. Nd3 Bxd2 17. Bxd2 Nd7 18. c5 Rg8 19. Bf4 h4 20. Kg2 0-0-0 21. Kf3 hxg3 22. fxg3 f6 23. Rg1 fxe5 24. Nxe5 Nxe5+ 25. Bxe5 Rdf8 26. Bf4 Nxg3 27. Qe3 Ne4 28. a4 Qa5 29. Rxg8 Rxg8 30. Rg1 Rh8 31. Rg7 Rh3+ 32. Bg3 Qd8 33. Kg2 1/2-1/2

[Event "Las Vegas National op"]
[Site "Las Vegas"]
[Date "2024.06.06"]
[Round "1"]
[White "Haldorsen, Benjamin"]
[Black "Xia, Joshua"]
[Result "1/2-1/2"]
[WhiteElo "2447"]
[BlackElo "2060"]
[PlyCount "73"]
[EventDate "2024.06.03"]
[EventType "swiss"]
[EventRounds "9"]
[EventCountry "USA"]
[SourceTitle "CBM 220 Extra"]
[Source "ChessBase"]
[SourceDate "2024.07.31"]
[SourceVersion "1"]
[SourceVersionDate "2024.07.31"]
[SourceQuality "1"]

1. c4 Nf6 2. g3 c6 3. Nf3 g6 4. Bg2 Bg7 5. 0-0 0-0 6. b3 d5 7. Bb2 a5 8. Nc3 Na6 9. d4 Nc7 10. Rc1 Ne4 11. Na4 b5 12. Nb6 Rb8 13. Nxc8 Rxc8 14. Ne5 Ne6 15. cxb5 cxb5 16. Qd3 Qd6 17. e3 b4 18. Bxe4 dxe4 19. Qxe4 Ng5 20. Qg4 Rxc1 21. Rxc1 f6 22. Nc4 Qd5 23. Nd2 h5 24. Qh4 Bh6 25. Rc5 Nf3+ 26. Nxf3 Qxf3 27. Qh3 Qe4 28. Qf1 h4 29. Rxa5 hxg3 30. hxg3 Kg7 31. Bc1 Rh8 32. Qg2 Qc2 33. Rc5 Qd1+ 34. Qf1 Qf3 35. Qg2 Qd1+ 36. Qf1 Qf3 37. Qg2 1/2-1/2

[Event "San Francisco 1000 GM Memorial Day"]
[Site "San Francisco"]
[Date "2024.05.25"]
[Round "5"]
[White "Piasetski, Leon David"]
[Black "Xia, Joshua"]
[Result "1-0"]
[WhiteElo "2164"]
[BlackElo "2034"]
[PlyCount "103"]
[EventDate "2024.05.23"]
[EventType "swiss"]
[EventRounds "9"]
[EventCountry "USA"]
[SourceTitle "CBM 220 Extra"]
[Source "ChessBase"]
[SourceDate "2024.07.31"]
[SourceVersion "1"]
[SourceVersionDate "2024.07.31"]
[SourceQuality "1"]

1. Nf3 Nf6 2. c4 g6 3. g3 Bg7 4. Bg2 c6 5. 0-0 0-0 6. d4 d5 7. cxd5 cxd5 8. Nc3 Ne4 9. Ne5 Nxc3 10. bxc3 Nc6 11. f4 Nxe5 12. fxe5 b6 13. Qb3 Bb7 14. a4 Qc7 15. Ba3 Rfd8 16. e4 e6 17. Bd6 Rxd6 18. exd6 Qxd6 19. exd5 Bxd5 20. Bxd5 exd5 21. a5 Re8 22. axb6 axb6 23. Ra7 f5 24. Qb5 Qe6 25. Qd7 Qxd7 26. Rxd7 Re3 27. Ra1 Re8 28. Raa7 Bf8 29. Rxd5 Rc8 30. Kf2 Rxc3 31. Rd8 Rc6 32. d5 Rd6 33. Raa8 Rxd8 34. Rxd8 Kf7 35. d6 b5 36. Ke2 b4 37. d7 Be7 38. Rc8 b3 39. d8Q Bxd8 40. Rxd8 b2 41. Rb8 Kf6 42. Rxb2 Kg5 43. Kf3 Kh5 44. Rb7 h6 45. Kf4 g5+ 46. Kxf5 g4 47. Kf4 Kg6 48. Kxg4 h5+ 49. Kf4 Kh6 50. Kf5 h4 51. gxh4 Kh5 52. Rh7# 1-0

[Event "Sunnyvale Bay Area op"]
[Site "Sunnyvale"]
[Date "2023.04.24"]
[Round "5"]
[White "Xia, Joshua"]
[Black "Biyiasas, Theodore A"]
[Result "0-1"]
[WhiteElo "1814"]
[BlackElo "1939"]
[PlyCount "122"]
[EventDate "2023.04.21"]
[EventType "swiss"]
[EventRounds "5"]
[EventCountry "USA"]
[SourceTitle "EXT 2025"]
[Source "ChessBase"]
[SourceDate "2024.10.14"]
[SourceVersion "1"]
[SourceVersionDate "2024.10.14"]
[SourceQuality "1"]

1. e4 e5 2. Nf3 Nc6 3. Bb5 a6 4. Ba4 Nf6 5. 0-0 Be7 6. Re1 b5 7. Bb3 d6 8. c3 0-0 9. h3 Nb8 10. d4 Nbd7 11. Nbd2 Bb7 12. Bc2 Re8 13. Nf1 Bf8 14. Ng3 g6 15. Bg5 h6 16. Bd2 Bg7 17. h4 d5 18. exd5 exd4 19. Nxd4 Rxe1+ 20. Qxe1 Bxd5 21. Qe2 Qe8 22. Re1 Qxe2 23. Rxe2 c5 24. Nb3 h5 25. Ne4 Nxe4 26. Bxe4 Re8 27. Bf3 Rxe2 28. Bxe2 c4 29. Nd4 Nc5 30. Nc2 Na4 31. Bc1 Be4 32. Ne3 Bxc3 33. bxc3 Nxc3 34. Kf1 Nxa2 35. Ba3 a5 36. Nxc4 bxc4 37. Bxc4 Nb4 38. Bxb4 axb4 39. Bb3 Kg7 40. g3 Kf6 41. Ke2 Bf5 42. Ke3 Be6 43. Ba4 Ke5 44. Kd3 Kd5 45. Kc2 Kd4 46. Bb5 Bc4 47. Bc6 b3+ 48. Kb2 Kd3 49. Bf3 Kd2 50. g4 hxg4 51. Bxg4 Be6 52. h5 gxh5 53. Bxh5 Ke1 54. f4 Kd2 55. f5 Bd5 56. f6 Kd3 57. Bd1 Kd4 58. Bxb3 Bxb3 59. Kxb3 Ke5 60. Kc3 Kxf6 61. Kd3 Kg5 0-1